00892cam a22002291 4500001001300000003000400013005001700017008004100034010001700075040005400092043001200146050002200158051002500180100004800205245014300253260004300396300007200439490005100511650002100562700006200583999001700645gs 15000983 DLC20260227111318.0770317s1915 dcuabf f000 0 eng c ags 15000983  aU.S. Geol. survey. Libr. (200)E no. 608cakdDLC an-us-ak00aQE75b.B9 no. 608 aQE84.B7bM7cCopy 2.1 aMoffit, Fred H.q(Fred Howard),d1874-1958?14aThe Broad Pass region, Alaska,cby Fred H. Moffit; with sections on Quaternary deposits, igneous rocks and glaciation, by Joseph E. Pogue. aWashington,bGovt. print. off.,c1915. a80 p.billus., plates (part fold.) 2 fold. maps (in pocket)c24 cm.0 aUnited States. Geological survey. Bulletin 608 0aGeologyzAlaska.1 aPogue, Joseph E.q(Joseph Ezekiel),d1887-ejoint author. c25611d25611